000 00704nam a2200217Ia 4500
003 GCL
005 20240530095347.0
008 140319s9999 xx 000 0 ara d
040 _aGCL /
_cGCL
082 0 4 _a912.19623
_bق/و أ
245 1 0 _aاطلس المواقع الاثرية بباقى محافظات الوجه البحرى
260 _aالقاهرة :
_bوزارة الثقافة ،
_c2002
300 _a ؛
_c32 سم
650 0 4 _aالجغرافيا
650 0 4 _aالاطالس
650 0 4 _aالاطالس التاريخية
650 0 4 _aالاطالس - مصر
650 0 4 _aالاطالس الأثرية
650 0 4 _aالاطالس - الوجه البحرى
942 _2ddc
_cBK
999 _c6477
_d6477